00626nam a22002177a 4500003000500000005001700005008004100022010001000063011001000073035001000083040000900093082001700102100001800119245003800137260004900175300001900224490005300243650003800296650002100334830005300355CHAP20220329141142.0971010c19871969 r 00010 d a63471 a64443 a69775 cCHAP04a972.081bW6Y00aWomack, John.1 aZapata y la revolución mexicana aMéxico, D. F. :bSiglo XXI,c1987 [c.1969] a443 p.b: ilus aAmérica nuestra: caminos de liberaciónv; 1014aMéxicoxHistoriaxRevolución.14aZapata, Emiliano0 aAmérica nuestra: caminos de liberaciónv; 10